Proyecto de una casa mortuoria para la ciudad de Barcelona
Descripción Física:
46 p. : 1 làm. ; 21 cm
Materias:
Cementiris -- PFC -- Barcelona
MARC
| LEADER | 00000nam a2200000Ia 4500 | ||
|---|---|---|---|
| 001 | 17308 | ||
| 008 | 160829s1850 xx 000 0 cat d | ||
| 080 | |a RF-15-24 | ||
| 245 | |a Proyecto de una casa mortuoria para la ciudad de Barcelona | ||
| 260 | |a Barcelona : |b Imprenta de Antonio Brusi, |c 1850 | ||
| 300 | |a 46 p. : |b 1 làm. ; |c 21 cm | ||
| 590 | |a Prové del fons Casa de Maternitat | ||
| 650 | |a Cementiris |x PFC |x Barcelona |9 39374 | ||
| 856 | 4 | |u https://media.diba.cat/diba/fitxers/arxiu/fulletons/bib_17308_1850_baixa.pdf |y Accés lliure | |
| 856 | 4 | |u https://media.diba.cat/diba/fitxers/arxiu/fulletons/bib_17308_1850_baixa.pdf |y Accés lliure | |
| 901 | |a Arxiu | ||
| 942 | |n 1 |2 udc | ||
| 952 | |0 0 |1 0 |4 0 |6 RF1524 |7 1 |9 48982 |a Arxiu |b Arxiu |d 2016-12-01 |l 0 |o RF-15-24 |p 17308 |r 2016-12-01 00:00:00 |w 2016-12-01 |y ARXIU | ||
| 999 | |c 52817 |d 52817 | ||
| 900 | |a bib_17308_1850_baixa.pdf | ||